00819nam a22002177a 450000500170000000800410001702000220005808200300008010000290011024501650013925000120030426000370031630000130035350400500036654100320041665000250044865000290047370000300050270000340053270000350056620230309040732.0230309b |||||||| |||| 00| 0 eng d a978-621-04-0103-5 aFil. 371.2006 Sch372 2019 aPawilen, Greg T.eauthor aThe school and the community, school culture and organizational leadership /cGreg Tabios Pawilen, Ericson M. Reyes, John Amiel A. Rivera, Trixie Marie J. Sison a1st ed. aManila:bRex Book Store, cc2019 avi, 99p. aIncludes bibliographical references and index e6781 c.1, 6782 c.2, 6783 c3 aSchools - Management aSchools - Administration aReyes, Ericson M.eauthor aRivera, John Amiel A.eauthor aSison, Trixie Marie J.eauthor